000
00316nam a22001337a 4500
020
_a
978-81-226-1166-3
082
_a
894.812
_b
RAM/K
100
_a
RAMA VARMA, K T
245
_a
KALAPORINTE NAATIL
260
_a
THRISSUR
_b
CURRENT BOOKS
_c
2013
300
_a
136
650
_a
MALAYALAM TRAVELLOUGE
_z
SPAIN
942
_c
BK
999
_c
6980
_d
6980